Normal view MARC view
  • France --History --Revolution, 1789-1799 --Literature and the revolution.

Entry Topical Term

Number of records used in: 4

001 - CONTROL NUMBER

  • control field: 387

003 - CONTROL NUMBER IDENTIFIER

  • control field: NUST

005 - DATE AND TIME OF LATEST TRANSACTION

  • control field: 20170511104758.0

008 - FIXED-LENGTH DATA ELEMENTS

  • fixed length control field: 170511|| aca||aabn | a|a d

040 ## - CATALOGING SOURCE

  • Original cataloging agency: NUST
  • Transcribing agency: NUST

150 ## - HEADING--TOPICAL TERM

  • Topical term or geographic name entry element: France --History --Revolution, 1789-1799 --Literature and the revolution.

670 ## - SOURCE DATA FOUND

  • Source citation: Work cat.: (NUST)23641: Dickens, Charles. 386, A tale of two cities, c1998.
© 2023 Central Library, National University of Sciences and Technology. All Rights Reserved.